Estratificación social y desarrollo Reflexiones, sugerencias y preguntas para investigaciones futuras
Contenido: Un desarrollo económico socialmente orientado. El perfil de la estratificación en los países subdesarrollados. Algunas preguntas para hacerse en torno al estrato alto. Preguntas a hacerse en cuanto a la cuantía del poder económico de los estratos altos. Preguntas a hacerse en cuanto al ti...
Sparad:
| Materialtyp: | Bok |
|---|---|
| Språk: | Spanish |
| Ämnen: | |
| Taggar: |
Lägg till en tagg
Inga taggar, Lägg till första taggen!
|
MARC
| LEADER | 00000nam a2200000 4500 | ||
|---|---|---|---|
| 003 | cru CIDCACS/IIS | ||
| 005 | 20190213062540.0 | ||
| 008 | 170419b2000 cr ||||| |||| 00| 0 spa d | ||
| 999 | |c 19196 |d 19196 | ||
| 040 | |c cru CIDCACS/IIS | ||
| 090 | |a 05.01.02 E87e T.1 | ||
| 245 | |a Estratificación social y desarrollo |b Reflexiones, sugerencias y preguntas para investigaciones futuras | ||
| 300 | |a páginas 165-215 | ||
| 520 | |a Contenido: Un desarrollo económico socialmente orientado. El perfil de la estratificación en los países subdesarrollados. Algunas preguntas para hacerse en torno al estrato alto. Preguntas a hacerse en cuanto a la cuantía del poder económico de los estratos altos. Preguntas a hacerse en cuanto al tipo de interés económico o al tipo de riqueza que prevalece en los estratos altos. Preguntas a hacerse en cuanto al destino que dan a sus ingresos los estratos altos. Estrato alto y control del poder político. Poder político y proceso de desarrollo. Consideraciones en cuanto al estrato medio. Consideraciones en cuanto al estrato bajo. La expresión de un deseo final | ||
| 650 | 1 | 0 | |2 |9 24 |a CLASES SOCIALES |
| 650 | 1 | 0 | |9 25 |a ESTRATIFICACION SOCIAL |
| 650 | 1 | 0 | |9 2142 |a DESARROLLO ECONOMICO |
| 650 | 1 | 0 | |a PAISES EN DESARROLLO |9 1642 |
| 650 | 4 | |9 1918 |a PODER POLITICO | |
| 650 | 1 | 0 | |9 10 |a MEDIOS DE COMUNICACION DE MASAS |
| 650 | 1 | 0 | |9 423 |a CONDICIONES DE VIDA |
| 773 | 0 | |0 14856 |9 519 |a Fonseca Tortós, Eugenio |d San José: EUNED. EUCR |o 17942 |t Eugenio Fonseca Tortós: selección de su obra sociológica / |w (cru CIDCACS/IIS)19474 | |
| 942 | |2 ddc |c LI | ||
